LEADER 02223nam 2200493Ia 450 001 9910795706203321 005 20231201140047.0 010 $a0-19-536008-7 010 $a1-280-52645-9 010 $a0-19-985495-5 035 $a(CKB)24235067300041 035 $a(Au-PeEL)EBL271247 035 $a(CaPaEBR)ebr10142203 035 $a(CaONFJC)MIL52645 035 $a(OCoLC)936850546 035 $a(MiAaPQ)EBC271247 035 $a(EXLCZ)9924235067300041 100 $a19920522d1993 uy 0 101 0 $aeng 135 $aur||||||||||| 181 $ctxt$2rdacontent 182 $cc$2rdamedia 183 $acr$2rdacarrier 200 10$aContinuity and change in China's rural development $ecollective and reform eras in perspective /$fLouis Putterman 210 $cOxford University Press$d1993 210 1$aNew York :$cOxford University Press,$d1993. 215 $a1 online resource (ix, 379 pages) $cillustrations, map 311 $a9780195078725 320 $aIncludes bibliographical references and index. 327 $aIntroduction; 1. China's Rural Economy under Two Regimes; 2. Regional Variation in the Rural Economy; 3. Dahe Township; 4. Factor Allocation and Productivity Growth: A View from Team Level; 5. Incentives in the Collective Era; 6. Labor Supply by Individuals; 7. The Impact of Household Responsibility Systems on Farm Productivity; Appendix. Monitoring in the Collective Team: Implications of McMillan, Whalley, and Zhu's Study; 8. Household Factor Allocation and Administrative Intervention in the Post-Collective Era: A Simulation Analysis 330 $aA detailed study of rural reform in China, which comprehensively covers Chinese rural development before and after the Mao and Deng reform eras, focusing on the township of Dahe. 606 $aRural development$zChina 606 $aCommunity development$zChina 615 0$aRural development 615 0$aCommunity development 676 $a307.1/412/0951 700 $aPutterman$b Louis G$0116326 801 0$bMiAaPQ 801 1$bMiAaPQ 801 2$bMiAaPQ 906 $aBOOK 912 $a9910795706203321 996 $aContinuity and change in China's rural development$93773674 997 $aUNINA LEADER 00918nam0 22002291i 450 001 UON00179067 005 20231205103124.358 010 $a88-317-4799-1 100 $a20030730d1984 |0itac50 ba 101 $aita 102 $aIT 105 $a|||| 1|||| 200 1 $aˆL'‰offerta di lavoro in Italia$eProblemi di rilevazione, valutazione, costruzio ne di modelli di comportamento$fA cura di Marina Schenkel 210 $aVenezia$cMarsili o$d1984 - 534 p. ; 22 cm 606 $aItalia$xMercato del lavoro$3UONC034456$2FI 702 1$aSCHENKEL$bMarina$3UONV101011 801 $aIT$bSOL$c20250808$gRICA 899 $aSIBA - SISTEMA BIBLIOTECARIO DI ATENEO$2UONSI 912 $aUON00179067 950 $aSIBA - SISTEMA BIBLIOTECARIO DI ATENEO$dSI G 0049 $eSI SC 16747 5 0049 996 $aOfferta di lavoro in Italia$959849 997 $aUNIOR